000 00286nam a2200109Ia 4500
008 200302s9999 xx 000 0 und d
100 _aRo Spankie
245 _aBasics Interior Architecture 03 Drawing out the interior
260 _bAva Publishing Sa
260 _c2009
300 _a175 P.,
999 _c4243
_d4243